Cliquez sur les trois personnalités... - Statistiques

Statistiques générales
  • Ce quiz a été pris 350 fois
  • Le résultat moyen est 42 sur 72
Statistiques - réponses
Question Tuile Select % Correct
...décédées dans une baignoire. Claude François Oui
97%
...décédées dans une baignoire. Jean Paul Ier Non
91%
...décédées dans une baignoire. Félix Faure Non
88%
...décédées dans une baignoire. Judy Garland Non
87%
...décédées dans une baignoire. Stefan Zweig Non
87%
...ayant été des amants de Marilyn Monroe. Simone Signoret Non
86%
...ayant été des amants de Marilyn Monroe. Ingrid Bergman Non
84%
...représentant un roi sur les jeux de 52 cartes français. Vercingétorix Non
84%
...décédées dans une baignoire. Elvis Presley Non
81%
...ayant été des amants de Marilyn Monroe. Neil Armstrong Non
81%
...décédées dans une baignoire. George II, roi de Grande-Bretagne Non
80%
...apparaissant dans au moins l'un des albums de "Lucky Luke". Giuseppe Verdi Non
76%
...représentant un roi sur les jeux de 52 cartes français. Guillaume le Conquérant Non
76%
...représentant un roi sur les jeux de 52 cartes français. Auguste Non
75%
...ayant été des amants de Marilyn Monroe. John F. Kennedy Oui
75%
...apparaissant dans au moins l'un des albums de "Lucky Luke". Sissi, impératrice d'Autriche Non
75%
...représentant un roi sur les jeux de 52 cartes français. Charlemagne Oui
74%
...ayant vécu toutes les 3 ensemble. Albert Ier, roi des belges Non
73%
...ayant été sur le continent antarctique. Denis Brogniart Non
73%
...ayant donné leur nom à un élément du tableau périodique de Mendeleïev. Archimède Non
72%
...ayant donné leur nom à un élément du tableau périodique de Mendeleïev. Benjamin Franklin Non
71%
...apparaissant dans au moins l'un des albums de "Lucky Luke". Buffalo Bill Oui
70%
...ayant été des amants de Marilyn Monroe. Clark Gable Non
70%
...apparaissant dans au moins l'un des albums de "Lucky Luke". Nikola Tesla Non
70%
...apparaissant dans au moins l'un des albums de "Lucky Luke". Alfred Nobel Non
68%
...ayant été membres du groupe d'artistes et de personnalités publiques "Les Enfoirés". Angèle Non
67%
...ayant vécu toutes les 3 ensemble. Hirohito Non
67%
...décédées dans une baignoire. Jean-Paul Marat Oui
66%
...ayant été sur le continent antarctique. Vladimir Poutine Non
66%
...apparaissant dans au moins l'un des albums de "Lucky Luke". Abraham Lincoln Oui
65%
...apparaissant dans au moins l'un des albums de "Lucky Luke". Pocahontas Non
65%
...ayant été sur le continent antarctique. Mike Horn Oui
64%
...représentant un roi sur les jeux de 52 cartes français. Saint Louis Non
64%
...ayant donné leur nom à un élément du tableau périodique de Mendeleïev. Galilée Non
62%
...ayant été sur le continent antarctique. Alexandra David-Néel Non
61%
...ayant été membres du groupe d'artistes et de personnalités publiques "Les Enfoirés". Christian Clavier Non
61%
...ayant été membres du groupe d'artistes et de personnalités publiques "Les Enfoirés". Stromae Non
61%
...ayant vécu toutes les 3 ensemble. Louis Armstrong Non
60%
...ayant été des amants de Marilyn Monroe. Andy Warhol Non
58%
...apparaissant dans au moins l'un des albums de "Lucky Luke". Samuel Morse Non
58%
...ayant été sur le continent antarctique. Robert Peary Non
57%
...ayant été sur le continent antarctique. Amixem Non
55%
...ayant été membres du groupe d'artistes et de personnalités publiques "Les Enfoirés". Mylène Farmer Non
55%
...ayant donné leur nom à un élément du tableau périodique de Mendeleïev. Alessandro Volta Non
54%
...ayant donné leur nom à un élément du tableau périodique de Mendeleïev. Blaise Pascal Non
54%
...ayant vécu toutes les 3 ensemble. Marie Curie Non
54%
...ayant vécu toutes les 3 ensemble. Robert Oppenheimer Non
52%
...ayant été des amants de Marilyn Monroe. Joe DiMaggio Non
50%
...représentant un roi sur les jeux de 52 cartes français. François Ier Non
48%
...ayant été des amants de Marilyn Monroe. Yves Montand Oui
48%
...ayant été membres du groupe d'artistes et de personnalités publiques "Les Enfoirés". Zinedine Zidane Oui
47%
...représentant un roi sur les jeux de 52 cartes français. Clovis Ier Non
46%
...ayant vécu toutes les 3 ensemble. Charlie Chaplin Non
44%
...ayant été membres du groupe d'artistes et de personnalités publiques "Les Enfoirés". Grégory Lemarchal Non
44%
...ayant été membres du groupe d'artistes et de personnalités publiques "Les Enfoirés". Teddy Riner Non
44%
...ayant donné leur nom à un élément du tableau périodique de Mendeleïev. Isaac Newton Non
42%
...ayant vécu toutes les 3 ensemble. Frida Kahlo Oui
39%
...ayant été sur le continent antarctique. James Cook Non
38%
...ayant donné leur nom à un élément du tableau périodique de Mendeleïev. Dmitri Mendeleïev Oui
36%
...ayant donné leur nom à un élément du tableau périodique de Mendeleïev. Nicolas Copernic Oui
36%
...décédées dans une baignoire. Whitney Houston Oui
36%
...ayant donné leur nom à un élément du tableau périodique de Mendeleïev. Albert Einstein Oui
35%
...représentant un roi sur les jeux de 52 cartes français. Alexandre le Grand Oui
34%
...ayant été des amants de Marilyn Monroe. Marlon Brando Oui
33%
...ayant vécu toutes les 3 ensemble. Léon Trotski Oui
32%
...ayant vécu toutes les 3 ensemble. André Breton Oui
28%
...apparaissant dans au moins l'un des albums de "Lucky Luke". Sarah Bernhardt Oui
26%
...ayant été membres du groupe d'artistes et de personnalités publiques "Les Enfoirés". Charles Aznavour Oui
24%
...représentant un roi sur les jeux de 52 cartes français. Jules César Oui
23%
...ayant été sur le continent antarctique. prince Harry Oui
22%
...ayant été sur le continent antarctique. Edmund Hillary Oui
19%
...ayant été membres du groupe d'artistes et de personnalités publiques "Les Enfoirés". Monica Bellucci Oui
11%
Aucun quiz correspondant
Distribution des résultats
% des personnes avec chaque résultat
Percentile par nombre de réponses
Votre historique - résultats
Vous n’avez pas pris ce quiz